| 000 | 01234njm a22002897a 4500 | ||
|---|---|---|---|
| 005 | 20100914101026.0 | ||
| 007 | sd ammalaaahaa | ||
| 008 | 100914t xxu||||| |||| 00| 0 hin d | ||
| 028 |
_a7EPE 7095 _bHis Master's Voice |
||
| 035 | _aGR-02382 | ||
| 100 |
_aMohd. Rafi _919854 |
||
| 245 |
_aKishan aur bhagwan / _cby Mohd. Rafi & Asha Bhosle ; music by Prem Dhawan ; lyric by Pradeep _h[sound recording] : |
||
| 246 | _aकिशन और भगवान् ( मोहमद. रफ़ी और आशा भोसले) | ||
| 260 |
_aDum Dum, India _bHis Master's Voice _c1974 |
||
| 300 |
_a1 sound disc [Gramophone record] : _banalog, 45 rpm _c7 in. _fGramophone record |
||
| 500 | _aBrief record. | ||
| 500 | _aHis Master's Voice | ||
| 500 | _aOrange | ||
| 500 | _aExtended Play | ||
| 505 | _aPart 1 Are wah re jadugar (Mohd. Rafi) अरे वाह रे जादूगर ,Part 2 Aai gaae wali ( Asha Bhosle) आई गाए वाली | ||
| 650 |
_aClassical Music _xExcerpts _zIndia _919855 _vFilm Song |
||
| 700 |
_aBhosle, Asha _91184 |
||
| 700 |
_aDhawan, Prem _919857 |
||
| 700 |
_aPradeep _919929 |
||
| 942 |
_2ddc _cGR |
||
| 999 |
_c45627 _d45627 |
||